| 000 | 00868nas a2200301 4500 | ||
|---|---|---|---|
| 001 | BR2011003909 | ||
| 003 | BR-BrBNA | ||
| 005 | 20231205115039.0 | ||
| 007 | ta | ||
| 008 | 230509b bl.|||p| |||| 00| 00por d | ||
| 040 |
_aBR-BrBNA _bpor _cBiblioteca Nacional de Agricultura |
||
| 041 | _a(Pt) | ||
| 072 | _aL70; L60 | ||
| 100 | 1 | _aPinto, V.M. | |
| 100 | 1 | _aOliveira, M.E.M. de | |
| 100 | 1 | _aMaia, J.Z. | |
| 100 | 1 | _aWitz, M.I. | |
| 100 | 1 | _aFeser, M. | |
| 100 | 1 | _aAllgayer, M. de C. | |
| 245 | 1 | _aAnestesia para procedimento artopédico em avestruz (Struthio camelus) | |
| 650 | _aAVESTRUZ | ||
| 650 | _aCIRURGIA | ||
| 650 | _aANESTESIA | ||
| 650 | _aVETERINÁRIA | ||
| 773 | 0 |
_tVeterinária em Foco (Brazil) _xISSN 1679-5237 _g(Jan-Jun 2010), v. 7(2) p. 206-214 _wBR2011003909 |
|
| 909 |
_a202311 _bLúcia _c55 _dLúcia Elande |
||
| 942 |
_2AGRIS _n0 _cANA |
||
| 999 |
_c211828 _d211828 |
||